Maternal- Child Nursing Care (Record no. 15599)
[ view plain ]
| 000 -LEADER | |
|---|---|
| fixed length control field | 00567nam a22001697a 4500 |
| 008 - FIXED-LENGTH DATA ELEMENTS--GENERAL INFORMATION | |
| fixed length control field | 160208b xxu||||| |||| 00| 0 eng d |
| 020 ## - INTERNATIONAL STANDARD BOOK NUMBER | |
| International Standard Book Number | 0803614861 |
| 100 ## - MAIN ENTRY--PERSONAL NAME | |
| Personal name | Ward Susan .L |
| 245 ## - TITLE STATEMENT | |
| Title | Maternal- Child Nursing Care |
| Remainder of title | Optimizing Outcomes for Mothers, Children and Families |
| Statement of responsibility, etc. | Susan L. Ward |
| 260 ## - PUBLICATION, DISTRIBUTION, ETC. (IMPRINT) | |
| Place of publication, distribution, etc. | USA |
| Name of publisher, distributor, etc. | F.A Davis Company |
| Date of publication, distribution, etc. | 2009 |
| 300 ## - PHYSICAL DESCRIPTION | |
| Extent | lii, 1207 p. |
| Other physical details | ill. |
| 650 ## - SUBJECT ADDED ENTRY--TOPICAL TERM | |
| Source of heading or term | Maternal-Child Nursing |
| 650 ## - SUBJECT ADDED ENTRY--TOPICAL TERM | |
| Source of heading or term | Evidence-based Nursing |
| 650 ## - SUBJECT ADDED ENTRY--TOPICAL TERM | |
| Source of heading or term | Holistic Nursing |
| 700 ## - ADDED ENTRY--PERSONAL NAME | |
| Personal name | Shelton M. Hisley |
| 942 ## - ADDED ENTRY ELEMENTS (KOHA) | |
| Source of classification or shelving scheme | Library of Congress Classification |
| Koha item type | General Collection |
| Classification part | RG 951 |
| Call number prefix | .W 37 2009 c.1 |
| Withdrawn status | Lost status | Source of classification or shelving scheme | Not for loan | Home library | Current library | Shelving location | Date acquired | Cost, normal purchase price | Total Checkouts | Total Renewals | Full call number | Barcode | Date last seen | Date last checked out | Copy number | Price effective from | Koha item type |
|---|---|---|---|---|---|---|---|---|---|---|---|---|---|---|---|---|---|
| Library of Congress Classification | Kabarak, Main Campus | Kabarak, Main Campus | General Stacks | 08/02/2016 | 11115.00 | 9 | 1 | RG 951 .W37 2009 C.1 | 016657 | 09/12/2022 | 19/09/2022 | c.1 | 08/02/2016 | General Collection | |||
| Library of Congress Classification | Kabarak, Main Campus | Kabarak, Main Campus | General Stacks | 08/02/2016 | 11115.00 | 5 | RG 951 .W37 2009 C.2 | 016701 | 14/02/2020 | 31/01/2020 | c.2 | 08/02/2016 | General Collection |